000 00671nam a2200205Ii 4500
003 JO-AjNU
008 230605s9999||||xx |||||||||||||| ||und||
040 _aJO-AjNU
_bara
_erda
_cJO-AjNU
041 _aara
050 1 4 _aPJ6075.S3 1983
100 3 _aتاليف السمرائي،ابراهيم,
_eauthor
_923234
245 0 0 _aالتطور اللغوي التاريخي
250 _aط3
264 3 1 _aبيروت: دار الاندلس،1983
300 _a239ص
336 _atext
_btxt
_2rdacontent
337 _aunmediated
_bn
_2rdamedia
338 _avolume
_bnc
_2rdacarrier
650 4 _aاللغة-التطور اللغوي التاريخي-التاريخ
_923235
999 _aA8373
_c11941
_d11941